[Event "Interpolis-03"]
[Site "Tilburg"]
[Date "1979.11.07"]
[Round "6"]
[White "Huebner, Robert"]
[Black "Karpov, Anatoly"]
[Result "1/2-1/2"]
[WhiteElo "2595"]
[BlackElo "2705"]
[Annotator "Ftacnik,L"]
[PlyCount "45"]
[EventDate "1979.11.01"]
[EventType "tourn"]
[EventRounds "11"]
[EventCountry "NED"]
[EventCategory "15"]
[SourceTitle "MCL"]
[Source "ChessBase"]
[SourceDate "1999.07.01"]
[SourceVersion "1"]
[SourceVersionDate "1999.07.01"]
[SourceQuality "1"]

1. Nf3 d5 2. d4 Nf6 3. c4 e6 4. g3 Be7 5. Bg2 O-O 6. O-O dxc4 7. Qc2 (7. Ne5
Nc6 $5) 7... a6 8. a4 Bd7 9. Qxc4 (9. Ne5 Bc6 10. Nxc6 Nxc6 $132) 9... Bc6 10.
Bg5 Bd5 (10... a5 11. Nc3 Na6 12. Rac1 (12. Rfe1 $6 Nb4 13. e4 $2 Nc2) (12.
Rae1 $6 Bd5 13. Nxd5 exd5 14. Qb5 Nb4 15. Qxb7 Rb8 16. Qa7 Nc6 $15) 12... Bd5
$1 $10 13. Nxd5 (13. Qd3 $5 Nb4 14. Qb1) 13... exd5 14. Qb5 Nb4 15. Qxb7 Bd6 {
/\De7,Tfb8} 16. Ne5 (16. Bxf6 $5 Qxf6 17. Qb5 c6 18. Qb7 (18. Rxc6 $6 Nxc6 19.
Qxc6 Rad8) 18... Qe6 {/\De2,Tfb8} 19. Ng5 $1 Qxe2 $2 (19... Qf5 20. h4 {/\Lh3})
20. Nxf7 $1) 16... Rb8 (16... Qe7 $2 17. Bxf6 gxf6 18. Nc6 $16) 17. Qa7 {
1/2-1/2 Huebner,R-Karpov,An/Montreal (01) 1979}) (10... Nbd7) 11. Qd3 c5 (11...
Be4 12. Qe3 Bxb1 {/\13... Sd5}) 12. Nc3 cxd4 (12... Bc6 13. e4 cxd4 14. Qxd4
Nbd7 $15) 13. Nxd5 Nxd5 14. Bxe7 Qxe7 15. Nxd4 Nc6 16. Nxc6 bxc6 17. a5 $1 Qb7
18. Qc2 Rab8 19. Rfc1 Rfc8 $10 20. Qc4 h6 21. e3 (21. e4 $6 {><d4}) 21... Qa7
22. Bf1 Nb4 23. Qf4 1/2-1/2

[Event "Horgen-B"]
[Site "Horgen"]
[Date "1995.??.??"]
[Round "6"]
[White "Gabriel, Christian"]
[Black "Masserey, Yvan"]
[Result "1-0"]
[WhiteElo "2475"]
[BlackElo "2350"]
[Annotator "Ftacnik,L"]
[PlyCount "53"]
[EventDate "1995.10.??"]
[EventType "tourn"]
[EventRounds "9"]
[EventCountry "SUI"]
[EventCategory "11"]
[SourceTitle "CBM 050"]
[Source "ChessBase"]
[SourceDate "1996.02.01"]
[SourceVersion "1"]
[SourceVersionDate "1996.02.01"]
[SourceQuality "1"]

1. c4 Nf6 2. Nf3 e6 3. g3 d5 4. Bg2 Be7 5. O-O O-O 6. d4 dxc4 7. Qc2 a6 8. a4
Bd7 9. Qxc4 Bc6 10. Bg5 Bd5 11. Qd3 Be4 12. Qe3 Nbd7 13. Nc3 Bc6 14. Qd3 Re8 (
14... Bb4 15. Rfe1 h6 16. Bf4 (16. Bxf6 Nxf6 17. e4 b6 $14) 16... Rc8 17. Qc2
b6 18. e4 Bb7 19. Rad1 Re8 20. Ne5 Nxe5 21. Bxe5 Nd7 22. Bf4 Qe7 (22... c5 $6
23. d5 e5 24. Be3 $16) 23. Re2 c5 (23... e5 24. Nd5 $14) 24. d5 $5 (24. Red2)
24... e5 {Khalifman,A-Lautier,J/Biel izt/1993/1-0 (57)}) 15. Rfe1 Bb4 {Black
has to fight the threat of white's pawn supremacy in the center with all means.
} 16. Qc2 (16. e4 Bxc3 17. bxc3 Nc5 $1) 16... b6 $6 {Weakening move aiming to
"correct" the unatural position of the Bc6. For the moment it is the same, as
if black would have played highly unnatural Bb7-c6.} (16... h6 17. Bxf6 Nxf6
18. e4 $14) 17. e4 (17. Na2 Bxf3 (17... Bxe1 18. Qxc6 Ba5 19. b4 $16) 18. Nxb4
Bxg2 19. Kxg2 c5 $10) 17... h6 $2 (17... Bb7 18. e5 h6 19. exf6 Bxf3 (19...
hxg5 20. Nxg5 Qxf6 21. Qh7+ Kf8 22. Qh4 $18) 20. Bxf3 hxg5 21. Bxa8 $16) (17...
Bxc3 18. bxc3 h6 $14) 18. Bxf6 Nxf6 (18... Qxf6 19. Na2 Bxe1 20. Qxc6 Ba5 21.
b4 $16) 19. Na2 $1 {Very original way to trap the enemy's B along the a5-e1
diagonal.} Bxe1 20. Qxc6 Ba5 (20... Qd6 21. Qc2 (21. Qxd6 Bxf2+ $1 22. Kxf2
Nxe4+ 23. Ke1 Nxd6 $13) 21... Bxf2+ 22. Kxf2 $16) 21. b4 Qd7 (21... Bxb4 22.
Nxb4 Qd6 23. Qxd6 cxd6 24. e5 $16) 22. Qxd7 Nxd7 23. bxa5 bxa5 24. Rc1 Nb6 (
24... Ra7 25. Bh3 $16) 25. Rc5 (25. Rxc7 Nxa4 26. Rc4 Nb6 $14) 25... Nxa4 26.
Rxa5 Nb6 27. Bf1 (27. Bf1 Reb8 28. Nb4 $18) 1-0

[Event "Riga Tal Memorial"]
[Site "Riga"]
[Date "1995.??.??"]
[Round "5"]
[White "Ehlvest, Jaan"]
[Black "Short, Nigel D"]
[Result "0-1"]
[WhiteElo "2615"]
[BlackElo "2655"]
[Annotator "Ftacnik,L"]
[PlyCount "70"]
[EventDate "1995.04.??"]
[EventType "tourn"]
[EventRounds "11"]
[EventCountry "LAT"]
[EventCategory "17"]
[SourceTitle "CBM 047"]
[Source "ChessBase"]
[SourceDate "1995.08.01"]
[SourceVersion "1"]
[SourceVersionDate "1995.08.01"]
[SourceQuality "1"]

1. d4 Nf6 2. c4 e6 3. Nf3 d5 4. g3 Be7 5. Bg2 O-O 6. O-O dxc4 7. Qc2 a6 8. Nbd2
b5 9. Ng5 c6 10. b3 c3 (10... h6 11. Ngf3 cxb3 12. Nxb3 a5 (12... Nbd7 13. Qxc6
Rb8 14. Bd2 Bb7 15. Qc1 b4 16. Qb2 a5 17. Bf4 Rc8 18. Rac1 Qb6 19. Ne5 Bxg2 20.
Nxd7 Nxd7 21. Kxg2 Qb5 22. e4 a4 23. Na1 Qd3 24. f3 {Pina,U-Perez,Ro/
Capablanca mem-C (5)/1992/0-1 (48)}) (12... Bb7 13. Ne5 Nfd7 14. Nd3 a5 15. a4
b4 16. e4 $16 {Glek,I-Jankovec,I/Cadca/1985/}) 13. Rd1 Nd5 (13... Qb6 14. Ne5
Bb7 15. Nc5 Rc8 16. Bh3 $16 {Bany,J-Cvetkovic,Sr/Balatonbereny/1985/}) 14. e4
Nb4 15. Qe2 Nd7 16. a3 Na6 17. d5 exd5 18. exd5 cxd5 19. Nfd4 Bb7 20. Qxb5 Nac5
21. Nxc5 Nxc5 22. Be3 Ba6 23. Qb1 Bc4 24. Nf5 {Birnboim,N-Liberzon,V/Tel-Aviv/
1988/0-1 (39)}) (10... cxb3 $5 11. Nxb3 a5 $5 12. Rd1 Bd7 $1 13. Nc5 h6 14. Nf3
Be8 15. Bb2 Na6 16. Rac1 Qc8 17. Qb1 Nxc5 18. dxc5 Nd7 19. Ne5 $1 Nxe5 20. Bxe5
$13 {Shabalov,A-Aseev,K/Barnaul/1988/}) 11. Nde4 (11. Ndf3 h6 12. Nh3 Bb7 13.
Qxc3 Nbd7 14. Bb2 c5 15. Rad1 {Chiburdanidze,M-Liu,Shelan/Dubai olw/1986/0.5 
(15)}) 11... Nd5 $5 $146 (11... Nxe4 12. Nxe4 Qxd4 13. Be3 Qd8 14. Rfd1 Qc7 15.
Qxc3 Nd7 16. Ng5 Bxg5 17. Bxg5 Bb7 18. Be7 Rfe8 19. Bd6 Qc8 20. Rac1 c5 21.
Bxb7 Qxb7 22. Bxc5 Rac8 23. Qd4 Nf6 24. b4 $10 {Mellano,S-Zarnicki,P/Mar del
Plata op (9)/1995/0-1 (57)}) 12. Nf3 (12. Nxh7 $2 Nb4 13. Qxc3 Kxh7 $19) 12...
b4 13. a3 f5 14. Nc5 Bxc5 15. dxc5 a5 16. e4 $1 (16. axb4 Na6 17. bxa5 Nab4 18.
Qd1 Rxa5 $17) 16... fxe4 17. Qxe4 Qf6 18. axb4 (18. Ng5 Qf5) 18... Nxb4 19. Ng5
g6 $6 (19... Qf5 $5 20. Qh4 h6 21. Ne4 (21. Be4 Qf6) 21... c2 22. Be3 $13) 20.
Qh4 h5 (20... Ra7 21. Rxa5 $1) (20... Qg7 21. Ne4 $40) 21. g4 c2 (21... Qd4 22.
Be4) 22. Be3 Ba6 23. gxh5 Bxf1 24. Rxf1 Nd7 25. Be4 $2 (25. hxg6 $1 Qxg6 (25...
Qh8 26. Qg4 (26. Qc4 Rae8 27. Nxe6 Ne5 $1) (26. Qxh8+ Kxh8 27. Nxe6 Rf5 $13)
26... Rf6 27. Ne4 Rf5 28. Nd6 Rf6 29. Bd4 $40) 26. Be4 Rf5 (26... Qg7 27. Bh7+
Kh8 28. Bxc2+ Kg8 29. Bh7+ Kh8 30. Bf5+ Kg8 31. Bxe6+ Rf7 32. Bxf7+ $18) 27.
Bxf5 (27. Kh1 Nd5 28. Bd2 Nxc5 29. Bxc2 $40) 27... Qxf5 28. Kh1 $1 Qd5+ 29. Ne4
$40) 25... Ne5 26. hxg6 (26. f4 Nf7 27. hxg6 Nxg5 28. Qxg5 Qxg5+ 29. fxg5 Rad8
$1 $19) 26... Ra7 $1 27. Bd4 (27. f4 Nxg6 28. Qh6 (28. Qh5 Rg7 29. Nh7) 28...
Rg7 $19 29. Nh7) (27. Qh5 $1 Rfa8 28. Nh7 Qh8 29. Qg5 Ned3 30. Nf6+ Kf8 $13)
27... Qf4 28. Qxf4 (28. Qh5 c1=Q $19) 28... Rxf4 29. Bxe5 Rg4+ 30. Kh1 (30. Bg3
Rxg5 31. Rc1 Rxc5 32. Bd6 Rd7) 30... Rxg5 31. Bd6 (31. f4 Rxe5 32. fxe5 Rd7 33.
Bxc2 Nxc2 34. Rf6 Nd4 $19) 31... Rd7 32. f4 (32. Rc1 Rxc5 $1 33. Bxc5 Rd1+)
32... Rxc5 $1 33. Bxc5 Rd1 34. Bxc2 Rxf1+ 35. Kg2 Rc1 (35... Rc1 36. Bxb4 Rxc2+
) 0-1

[Event "Aars"]
[Site "Aars"]
[Date "1995.??.??"]
[Round "9"]
[White "Nielsen, Peter Heine"]
[Black "Kristensen, Jorgen Juul"]
[Result "1-0"]
[WhiteElo "2500"]
[BlackElo "2335"]
[Annotator "Ftacnik,L"]
[PlyCount "53"]
[EventDate "1995.10.??"]
[EventType "tourn"]
[EventRounds "9"]
[EventCountry "DEN"]
[EventCategory "9"]
[SourceTitle "CBM 050"]
[Source "ChessBase"]
[SourceDate "1996.02.01"]
[SourceVersion "1"]
[SourceVersionDate "1996.02.01"]
[SourceQuality "1"]

1. d4 Nf6 2. c4 e6 3. g3 d5 4. Nf3 Be7 5. Bg2 O-O 6. O-O dxc4 7. Qc2 a6 8. Qxc4
b5 9. Qc2 Bb7 10. Bf4 Nc6 11. Rd1 Nb4 12. Qc1 Nbd5 13. Nbd2 Nxf4 14. gxf4 c5 (
14... Bd6 15. Nb3 Bd5 16. Ne5 Bxg2 17. Kxg2 Nd5 18. e4 Nb6 19. Nc5 Qe8 20. b3
f6 21. Ned3 f5 22. f3 Qh5 23. Rf1 Rf6 24. Kh1 fxe4 25. fxe4 Bxc5 26. Nxc5 {
Illescas Cordoba,M-Campora,D/ESP-chT (06) 1995/1-0 (64)}) (14... Bd5 15. Nb3 a5
16. Ne5 a4 17. Nc5 Bxg2 18. Kxg2 Qd5+ 19. f3 Rad8 20. e4 Qa8 21. Qe3 Bxc5 22.
dxc5 Rxd1 23. Rxd1 Rd8 {Opitz,E-Beckmann,K2/NRW-I 8990 (1990)/1990/0.5 (30)})
15. dxc5 Qc7 16. Nb3 (16. e3 Qxc5 17. Qxc5 Bxc5 18. Nb3 Be7 19. Ne5 Bxg2 20.
Kxg2 Rfc8 21. Rac1 Nd5 22. Kf3 Kf8 23. e4 Nb6 24. Nd7+ Nxd7 25. Rxc8+ Rxc8 26.
Rxd7 Rc2 27. Rd2 Rxd2 28. Nxd2 {Illescas Cordoba,M-Lautier,J/Madrid (05)/1993/
0.5 (46)}) (16. c6 Qxc6 17. Qxc6 Bxc6 18. Ne5 Bxg2 19. Kxg2 Rfc8 20. Rac1 Kf8
21. Kf3 Ke8 22. Nb3 Nd5 23. Rxc8+ Rxc8 24. Rc1 {0.5/Csom,I-Parma,B/Roma/1981/})
16... Rac8 (16... Rfc8 17. Ne5 Bxg2 18. Kxg2 a5 19. Nd3 a4 20. Nd4 Bxc5 21.
Nxc5 Qxc5 22. Qxc5 Rxc5 23. b4 Rd5 24. e3 g5 25. fxg5 Rxg5+ 26. Kf3 e5 {
Grebenkin,A-Kiriakov,P/RUS-chS Orel/1992/0.5 (34)}) 17. Ne5 Bxg2 18. Kxg2 Bxc5
(18... a5 19. c6 $5) 19. Nxc5 Qxc5 20. Qxc5 Rxc5 21. Rac1 {Usual picture in
the Catalan opening, black can not prevent falling into somewhat inferior
ending. The 8th rank is weak and a6P an ideal target.} Rd5 (21... Rxc1 22. Rxc1
Nd5 23. Kf3 $14) 22. Kf3 Rxd1 (22... Rfd8 23. Rxd5 Nxd5 24. a3 $14) 23. Rxd1
Nd5 (23... Ra8 24. e4 $14) 24. e4 Nb4 $2 {Counterplay at all costs will drive
the N into unusual trap on c2. Even such a great jumper can be caught in a
midfly.} (24... Nb6 25. Rd6 Rb8 26. Nc6 Ra8 $14) 25. a3 Nc2 (25... f6 26. Nd7
$18) 26. Nc6 f5 (26... b4 27. axb4 e5 28. fxe5 $18) 27. e5 (27. Rc1 fxe4+ 28.
Kxe4 Nxa3 29. bxa3 $18) (27. e5 Kf7 28. Rc1 $18) 1-0

[Event "Minsk"]
[Site "Minsk"]
[Date "1993.??.??"]
[Round "?"]
[White "Shipov, Sergei"]
[Black "Kruppa, Yuri"]
[Result "0-1"]
[WhiteElo "2490"]
[BlackElo "2475"]
[Annotator "Ftacnik,L"]
[PlyCount "76"]
[EventDate "1993.03.??"]
[EventType "tourn"]
[EventRounds "11"]
[EventCountry "BLR"]
[EventCategory "9"]
[SourceTitle "CBM 036"]
[Source "ChessBase"]
[SourceDate "1993.10.01"]
[SourceVersion "1"]
[SourceVersionDate "1993.10.01"]
[SourceQuality "1"]

1. d4 {Chekhov} e6 2. c4 Nf6 3. g3 d5 4. Bg2 Be7 5. Nf3 O-O 6. O-O dxc4 7. Qc2
a6 8. Qxc4 b5 9. Qc2 Bb7 10. Bd2 Be4 11. Qc1 Bb7 (11... Nbd7 {Chekhov} 12. Ba5
Rc8 13. Nc3 Ba8 14. a4 Rb8 $10 {(ECO)}) 12. Rd1 Qc8 13. b4 (13. a4 c5 14. dxc5
Bxc5 15. axb5 axb5 16. Rxa8 Bxa8 17. Be3 Be7 18. Qxc8 Rxc8 19. Nd4 Bxg2 20.
Kxg2 b4 21. Rc1 Rxc1 22. Bxc1 Nfd7 23. Nd2 Bf6 24. N2b3 $10 {Bareev,E-Aseev,K/
URS-FL Irkutsk/1986/0.5 (53)}) (13. Ba5 c5 14. dxc5 Qxc5 15. Nbd2 Nbd7 16. Nb3
Qxc1 17. Raxc1 Rfc8 18. Bc7 Bd5 (18... Kf8 $1 $10 {Chekhov (Chernin-Gurevich,
Vilnius 1985 Inf 40/609)}) 19. Nfd4 Bxg2 20. Kxg2 Nd5 21. e4 Nxc7 22. Nc6 Bg5
23. f4 Nb8 24. fxg5 $16 {Suba,M-Morovic Fernandez,I/Tunis izt/1985/1-0 (48)})
13... Nbd7 14. a4 (14. a3 Bd6 15. Nc3 e5 $132) 14... Bd6 15. axb5 (15. Qb2 {
Chekhov} Nb6 16. axb5 axb5 17. Na3 Na4 18. Qb3 Bd5 19. Qd3 c6 $10) 15... axb5
16. Na3 (16. Rxa8 Qxa8 17. Nc3 (17. Na3 Qa4 $132) 17... Qb8 $13) 16... Qb8 17.
Nc2 (17. Nxb5 Rxa1 18. Qxa1 Bxf3 19. Nxd6 Bxg2 20. Nxf7 Ba8 $19) (17. Qb2 $5 {
Chekhov} Be4 18. Rdc1 Qb7 19. Ne1 $10) 17... Be4 18. Nfe1 (18. Qb2 $5 {Chekhov}
Qb7 19. Ne3) 18... Bxg2 19. Nxg2 Qb7 20. Nge1 (20. f3 e5 $36) 20... Qe4 21. Be3
Nd5 22. f3 (22. Qb2 {Chekhov} Ra4 $5 $15) 22... Qg6 23. Bd2 Rxa1 24. Nxa1 (24.
Qxa1 f5 25. Qa6 Rb8 $13) 24... f5 $1 (24... Nxb4 25. Bxb4 Bxb4 26. Qxc7) 25.
Ng2 N7b6 26. Nb3 Nc4 27. Nc5 f4 28. g4 (28. Bxf4 $2 Bxf4 29. gxf4 Nde3 $19 (
29... Nxf4 $19 {Chekhov})) 28... Nxd2 29. Qxd2 Ra8 30. Qb2 (30. Nd3 Qf6 31. Nc5
Bxc5 32. dxc5 Ra4 $17) 30... Bxc5 31. bxc5 (31. dxc5 Ra4 32. Rd4 Qf6 $17) 31...
b4 32. Kf2 h5 33. h3 (33. gxh5 Qxh5 34. h4 g5 $17) 33... hxg4 34. hxg4 Qh6 35.
Ra1 Rb8 36. Ra6 (36. Qb3 {Chekhov} Qh2 37. Rg1 Ne3 $22) 36... Qh2 37. Qb3 (37.
Rxe6 Ne3 38. Rxe3 fxe3+ 39. Kxe3 Qxg2 $19) 37... Ne3 38. Qxe6+ Kh8 0-1

[Event "Zagreb zt"]
[Site "Zagreb"]
[Date "1993.??.??"]
[Round "5"]
[White "Hulak, Krunoslav"]
[Black "Psakhis, Lev"]
[Result "0-1"]
[WhiteElo "2540"]
[BlackElo "2575"]
[Annotator "Ftacnik,L"]
[PlyCount "74"]
[EventDate "1993.03.??"]
[EventType "tourn"]
[EventRounds "13"]
[EventCountry "CRO"]
[EventCategory "11"]
[SourceTitle "CBM 035"]
[Source "ChessBase"]
[SourceDate "1993.08.01"]
[SourceVersion "1"]
[SourceVersionDate "1993.08.01"]
[SourceQuality "1"]

1. d4 e6 2. g3 Nf6 3. Nf3 d5 4. Bg2 Be7 5. O-O O-O 6. c4 dxc4 7. Qc2 a6 8. a4
Bd7 9. Qxc4 Bc6 10. Bf4 Nd5 $5 (10... a5 11. Nc3 Na6 12. Rae1 Bxf3 (12... Nb4
13. e4 Nd7 14. Qe2 (14. Ra1 Bd6 15. Be3 Nc2 16. Bg5 Nb6 17. Qd3 Nb4 18. Qe2 Qe8
19. b3 f5 20. Rac1 h6 21. Be3 Qh5 22. d5 fxe4 23. dxc6 exf3 24. Qd1 $17 {
Kortschnoj,V-Hjartarson,J (8)/Saint John cq/1988/}) 14... Nb6 15. b3 Bd6 16.
Bg5 Qe8 17. h3 f5 18. Ne5 Bxe5 19. dxe5 Nd7 20. Nb5 Bxb5 21. Qxb5 c6 22. Qxb7
Nxe5 23. exf5 Rf7 24. Qb6 $16 {Birnboim,N-Verat,L/Lugano op (2)/1989/}) 13.
Bxf3 c6 14. Rd1 Nb4 15. e4 Rc8 16. Rd2 Qd7 17. Rfd1 Rfd8 18. h4 Qe8 19. h5 Nd7
20. Qf1 Nf8 21. Qh3 Rd7 22. Qg4 Rcd8 23. Bh6 g6 24. e5 $14 {Kakhiani,
K-Petronijevic,Z/Pula op/1990/}) (10... Bd6 11. Bg5 Nbd7 12. Nc3 h6 13. Bd2 e5
14. dxe5 Nxe5 15. Nxe5 Bxe5 16. Bxc6 Qxd2 17. Bxb7 Rab8 18. Qxa6 Qxb2 19. Nb5
Qxe2 20. Rae1 Qh5 21. Bg2 Rb6 22. Qa7 Bxg3 23. fxg3 Qc5+ 24. Kh1 $10 {Birnboim,
N-Namyslo,H/Lugano op (6)/1989/}) (10... Nbd7 11. Nc3 (11. Qc2 Bd6 12. Nc3 Bxf4
13. gxf4 Bxf3 14. Bxf3 c6 15. a5 Re8 16. e3 Nf8 17. Ne4 Ng6 18. Nc5 Nh4 19. Be4
Rb8 20. f3 Nd5 21. Qf2 Nf5 22. Ra3 Kh8 23. Kh1 Rg8 24. Rg1 $36 {Birnboim,
N-Kortschnoj,V/Beersheva/1987/}) 11... Nb6 12. Qb3 (12. Qd3 Nbd5 13. Nxd5 Bxd5
14. Qc2 Rc8 15. Bg5 c5 16. Bxf6 gxf6 17. dxc5 Rxc5 18. Qd2 Qc7 19. Rfc1 Rc8 20.
Rxc5 Qxc5 21. Ne1 Bxg2 22. Kxg2 Rd8 23. Nd3 Qd5+ 24. f3 $10 {Angelova
Chilingirova,P-Kas,R/Dortmund WA/1988/}) 12... a5 13. Rfd1 Ra6 14. Qc2 Nbd5 15.
Bg5 Nxc3 16. bxc3 Be4 17. Qc1 c5 18. Qe3 Bd5 19. h3 Qc8 20. Rab1 Bc6 21. Bxf6
Bxf6 22. Ne1 Bxg2 23. Nxg2 cxd4 24. cxd4 $14 {Birnboim,N-Kosashvili,Y/ISL-ch/
1986/}) 11. Nc3 Nxf4 12. gxf4 a5 (12... Qd6 13. e3 Nd7 14. a5 $14) 13. Rfd1 Bd5
(13... Nd7 14. e4 Bb4 15. Qe2 $14) 14. Qb5 (14. Nxd5 exd5 15. Qb5 Ra7 16. e3 c6
$10) 14... Na6 (14... Bc6 15. Qh5 $5) 15. e4 Bc6 16. Qc4 (16. Qh5 Nb4 17. Rac1
$14) 16... Nb4 17. Ne5 Be8 (17... Ra6 18. Qe2 $14) 18. d5 (18. Rac1 $13) 18...
exd5 19. Nxd5 (19. exd5 Bd6 $13) 19... Nxd5 20. Rxd5 Bd6 (20... Qc8 21. Rd3 $14
) 21. Nf3 (21. Rad1 Qh4 22. f5 Qf4 23. Nf3 Bc6 24. R5d4 Be7 $13) 21... Bc6 22.
Rd3 Qc8 23. e5 Be7 24. Ne1 (24. Nd4 Bxg2 25. Kxg2 Qg4+ 26. Rg3 Qxf4 $17) 24...
Ra6 $1 25. Bh3 Qe8 $1 26. Nc2 $2 (26. Rg3 Kh8 $13) 26... b5 $1 27. Qc3 Be4 28.
axb5 (28. Rd2 Rg6+ 29. Kf1 bxa4 30. Bd7 Qa8 $17) 28... Qxb5 29. Re3 Rg6+ 30.
Rg3 Rc6 31. Nd4 $8 Rxc3 32. Nxb5 Rc2 33. Nc3 (33. Bg2 Bg6 34. Rxa5 Bc5 35. Rf3
Be4 36. Rc3 Bxf2+ 37. Kh1 Bxg2+ 38. Kxg2 Rxb2 $17) 33... Ba8 34. Bg2 (34. Rxa5
Bh4 $17) 34... Bh4 35. Rd3 Bxf2+ 36. Kf1 Bb6 37. Bxa8 Rxa8 0-1

[Event "Interzonal-16"]
[Site "Biel"]
[Date "1993.??.??"]
[Round "12"]
[White "Lputian, Smbat G"]
[Black "Georgiev, Kiril"]
[Result "1-0"]
[WhiteElo "2565"]
[BlackElo "2660"]
[Annotator "Ftacnik,L"]
[PlyCount "57"]
[EventDate "1993.07.16"]
[EventType "swiss"]
[EventRounds "13"]
[EventCountry "SUI"]
[SourceTitle "CBM 037"]
[Source "ChessBase"]
[SourceDate "1993.12.01"]
[SourceVersion "1"]
[SourceVersionDate "1993.12.01"]
[SourceQuality "1"]

1. d4 Nf6 2. c4 e6 3. Nf3 d5 4. g3 Be7 5. Bg2 O-O 6. O-O dxc4 7. Qc2 a6 8. a4
Bd7 9. Qxc4 (9. Ne5) 9... Bc6 10. Bg5 a5 11. Nc3 Nfd7 $6 (11... Nbd7) (11...
Na6) 12. Bxe7 Qxe7 13. e4 Na6 (13... Qb4 14. Qa2 Nb6 15. d5 $14) 14. Rfd1 $5
Rfd8 15. b3 $14 (15. Qe2 Nb4 {/\ b6}) 15... Nb6 16. Qe2 (16. Qd3 $5) 16... Be8
17. Qb2 $5 (17. Rac1 c5 $5 18. Nb5 $5 (18. d5 exd5 19. exd5 Nxd5 (19... Qxe2 $6
20. Nxe2 Nxd5 21. Ne5 Bc6 22. Nxc6 bxc6 23. Nc3 $1 $14) 20. Qxe7 Nxe7 21. Ne5
Nc6 22. Nxc6 Bxc6 23. Bxc6 bxc6 $10) 18... cxd4 19. Nfxd4 Rac8 20. e5 $14)
17... Rac8 (17... c5 $6 18. d5 c4 19. dxe6 Qxe6 20. bxc4 Nxc4 21. Qxb7 $16) (
17... Nb4 18. Ne5 c5 19. d5 exd5 20. Nxd5 $14) 18. Ne5 f6 (18... c5 19. d5) 19.
Nc4 Nxc4 20. bxc4 Qb4 21. Rab1 $1 Qxc4 $6 (21... Qxb2 $6 22. Rxb2 Nb4 23. Bh3
$1 Bd7 24. e5 $16) (21... Bh5 $5 22. Rd2 Qxc4 23. Bf1 Qc6 24. d5 $44) 22. Bf1
Qb4 (22... Qc6 23. Qxb7 Nb4 24. Qxc6 Bxc6 25. Bc4 $16) 23. Qc1 $16 Qe7 24. Rxb7
Nb4 25. d5 $1 (25. Nb5 Bc6) (25. Ra7 Nc6) 25... Rb8 $2 (25... exd5 26. exd5 Qc5
27. Qe3 $1 Qxe3 28. fxe3 $16) 26. d6 $1 $18 Qf8 27. dxc7 Rxd1 28. Qxd1 Rc8 29.
Qd8 1-0